Responses for Show #3376 - Monday, April 19, 1999

Helen Petroff game 4.

Contestants

[<< previous game]

Karen Rosenberg, a portfolio manager from Chicago, Illinois

Tim Buntel, a webmaster from Barrington, Rhode Island

Helen Petroff, a research assistant from Los Angeles, California (whose 3-day cash winnings total $27,100)

[next game >>]

Jeopardy! Round responses

STATE CAPITALS
WHICH CAME FIRST?
MYTHS & MISSES
MOVIE QUOTES
ANIMAL BEHAVIOR
FIX THE PROVERB
(Alex: Easy deal!)
    $100 16
Boston

Karen
    $100 21
Rugby

Tim
    $100 10
Amazons

Helen
    $100 5
Patton

Tim
    $100 1
Dog

Helen
    $100 26
Every cloud has a silver lining

Helen
    $200 17
Frankfort, Kentucky

Helen
    $200 22
Moody Blues (1960s)

Helen
    $200 11
(Helen: Who is Hera?)

Juno

Helen
Triple Stumper
    $200 6
(Karen: What is Scarface?)
(Helen: What is Casablanca?)

Little Caesar

HelenKaren
Triple Stumper
    $200 2
Smell

Tim
    $200 27
Eat, drink & be merry

Tim
    $500 18
(Helen: What is Santa Fe?)

Sacramento

Helen
    $300 23
(Karen: What is the Barbie doll?)
(Tim: What is the hula hoop?)
...
(Alex: Minute to go.)

Slinky

HelenTimKaren
    $300 12
(Karen: Who is Ceres?)

Flora

Karen
Triple Stumper
    $300 7
(Helen: Who is Mae West?)

Rita Hayworth

HelenKaren
    $300 3
Swallow

Helen
    $300 28
Strike while the iron is hot

Tim
    $400 19
Montpelier, Vermont

Tim
    $400 24
Sears

Helen
    $400 13
Aphrodite

Helen
    $400 8
Prizzi's Honor

Karen
    $400 4
Penguin

Tim
    $400 29
If wishes were horses then beggars would ride

Triple Stumper
    $500 20
(Karen: What is Albany?)

Augusta, Maine

Karen
Triple Stumper
    $500 25
"Carrie"

Tim
    $500 15
Circe

Karen
    $500 9
Soapdish

Triple Stumper
    $500 14
Pecking order

Helen
    $500 30
The walls have ears

Helen

Scores at the first commercial break (after clue 13):

Helen Tim Karen
$200 $700 $200

Scores at the end of the Jeopardy! Round:

Helen Tim Karen
$1,900 $1,900 $0

Double Jeopardy! Round responses

CHARLES IN CHARGE
(Alex: Not Charlemagne.)
THEY WRITE THE SONGS
WHAT "A" COUNTRY!
1990s OBITS
SHAKESPEAREAN CHARACTERS
LEGENDARY RHYME TIME
    $200 21
the Bastille

Helen
    $200 11
Algeria

Helen
    $200 16
Saturday Night Live

Karen
    $200 1
Romeo and Juliet

Karen
    $200 6
(Karen: What is Paul's brawl?)
...
(Alex: Both parts of the response have to rhyme.)

Paul's brawls

HelenKaren
    $400 22
Parliament

Karen
    $400 12
Argentina

Helen
    $400 17
Milli Vanilli

Helen
    $400 2
Desdemona

Karen
    $400 7
Hood's goods

Helen
    $600 23
Charles the Bald

Helen
    $600 26
(Tim: I don't know.)

Bobby Darin

Tim
Triple Stumper
    $800 13
(Helen: [No response])

Afghanistan & Azerbaijan

Helen
    $600 18
Maureen O'Sullivan

Karen
    $600 3
Hamlet

Karen
    $600 8
Thor's chores

Helen
    $1,500 24
(Alex: Less than a minute to go.)

Joan of Arc

Helen
    $800 27
Randy Newman

Karen
    $800 14
Australia

Karen
    $800 19
Olive Oyl

Helen
    $800 4
(Tim: What is A Winter's Tale?)
(Alex: We'll accept that.)

The Winter's Tale

Tim
    $800 9
Dido's Fidos

Triple Stumper
    $1000 25
Spanish Inquisition

Helen
    $1000 28
(Karen: Who is George M. Cohan?)
...
[The end-of-round signal sounds.]

Irving Berlin

Karen
Triple Stumper
    $1000 15
Angola

Helen
    $1000 20
Coleman Young & Tom Bradley

Triple Stumper
    $1000 5
Timon of Athens

Helen
    $1000 10
(Alex: Or Ladies of Hades.)

Hades' ladies

Triple Stumper

Scores at the end of the Double Jeopardy! Round:

Helen Tim Karen
$9,400 $2,100 $2,800
(lock game)

[wagering suggestions for these scores]

Final Jeopardy! Round responses

MACHINES
(Alex: In the news because of Fawn Hall, Oliver North's secretary.)
TimWhat is ?
$2,000
KarenWhat is a Pasta ma
$1,800
HelenWhat is a Paper Shredder
$1,600
Paper shredder

Final scores:

Helen Tim Karen
$11,000 $100 $1,000
4-day champion: $38,100 3rd place: VTech 900 mhz Cordless Phone 2nd place: Trip to Outrigger Hotel, Waikiki Beach, Hawaii

Game dynamics:

Coryat scores:

Helen Tim Karen
$10,000 $2,100 $2,800
24 R
(including 1 DD),
5 W
(including 2 DDs)
9 R,
2 W
12 R,
6 W

Combined Coryat: $14,900

[game clues] [game scores] [suggest correction]

Game tape date: Unknown
The J! Archive is created by fans, for fans. Scraping, republication, monetization, and malicious use prohibited; this site may use cookies and collect identifying information. See terms. The Jeopardy! game show and all elements thereof, including but not limited to copyright and trademark thereto, are the property of Jeopardy Productions, Inc. and are protected under law. This website is not affiliated with, sponsored by, or operated by Jeopardy Productions, Inc. Join the discussion at JBoard.tv.